El Regalismo (Record no. 164547)

MARC details
000 -LEADER
campo de control de longitud fija 00683nam a22002055i 4500
001 - NÚMERO DE CONTROL
campo de control 164547
003 - IDENTIFICADOR DE NÚMERO DE CONTROL
campo de control ES-MaACL
005 - FECHA Y HORA DE LA ÚLTIMA TRANSACCIÓN
campo de control 20231229063050.0
008 - DATOS DE LONGITUD FIJA--INFORMACIÓN GENERAL
campo de control de longitud fija 940615s1885 sp |||| | spa d
040 ## - FUENTE DE CATALOGACIÓN
Centro catalogador/agencia de origen CAM
Lengua de catalogación spa
080 ## - NÚMERO DE LA CLASIFICACIÓN DECIMAL UNIVERSAL
Número de la Clasificación Decimal Universal 348.715
100 1# - ENTRADA PRINCIPAL--NOMBRE DE PERSONA
Nombre de persona Sánchez, Miguel,
Fechas asociadas al nombre 1833-1889
9 (RLIN) 102411
245 13 - MENCIÓN DEL TÍTULO
Título El Regalismo
Resto del título : cartas al Sr. Fernández Montaña /
Mención de responsabilidad, etc. por Miguel Sánchez.
260 ## - PUBLICACIÓN, DISTRIBUCIÓN, ETC.
Lugar de publicación, distribución, etc. Madrid :
Nombre del editor, distribuidor, etc. [s.n.],
Fecha de publicación, distribución, etc. 1885 (
Fabricante Imp. de E. La Riva)
300 ## - DESCRIPCIÓN FÍSICA
Extensión 126 p. ;
Dimensiones 22 cm.
650 #4 - PUNTO DE ACCESO ADICIONAL DE MATERIA--TÉRMINO DE MATERIA
Término de materia o nombre geográfico como elemento de entrada Regalías.
9 (RLIN) 144752
700 2# - ENTRADA AGREGADA--NOMBRE PERSONAL
Nombre de persona Fernández Montaña, José.
9 (RLIN) 49934
852 ## - LOCALIZACIÓN
Ubicación ES-MaACL
Número de control de estantería T-427-F-11
Nota libre -- Enc. hol.
-- -- Enc. en un vol. facticio
Holdings
Estatus retirado Estado de pérdida Estado de daño No para préstamo Colección Biblioteca de origen Biblioteca actual Ubicación en estantería Fecha de adquisición Total de préstamos Signatura topográfica completa Código de barras Visto por última vez Precio de reemplazo Tipo de ítem Koha
        Colección de folletos Biblioteca del Ateneo de Madrid Biblioteca del Ateneo de Madrid Depósito folletos 17/01/2008   T-427-F-11 1172484 23/02/2023 23/02/2023 Folleto